000 00588nam a2200205Ia 4500
008 131103s9999 xx 000 0 und d
040 _aLoreto College
041 _aEnglish
082 _a370.15/CRO
_bLCLIB/21833
100 _aCrow,Lester D.
245 _aEducational psychology
_cLester D.Crow and Alice Crow
250 _anew rev. ed.
260 _aLondon
_bVan nostrand
_c1963
300 _axiv,601 p.
_c 22cm.
504 _aIncludes references and index
650 _aEducation - Educational Psychology
700 _aCrow; Alice
850 _aLCLIB/370.15/CRO
942 _cBK
999 _c24792
_d75271